[Event "ROM-ch"]
[Site "Craiova"]
[Date "2025.02.15"]
[Round "1"]
[White "Ulian, Andrei Octavian"]
[Black "David, Alexandru Vasile"]
[Result "0-1"]
[WhiteElo "1996"]
[BlackElo "2331"]
[PlyCount "118"]
[EventDate "2025.02.15"]
[EventType "swiss"]
[EventRounds "9"]
[EventCountry "ROU"]
[SourceTitle "CB09_2025"]
[SourceDate "2025.02.27"]
[SourceVersion "1"]
[SourceVersionDate "2025.02.27"]
[SourceQuality "1"]

1. c4 e5 2. g3 Nc6 3. Bg2 Bc5 4. Nc3 a6 5. d3 d6 6. e4 Nge7 7. Nge2 0-0 8. 0-0 f5 9. a3 Ba7 10. Nd5 fxe4 11. dxe4 Bg4 12. Qd3 Qd7 13. Bg5 h6 14. Nxe7+ Nxe7 15. Be3 Bxe3 16. fxe3 Qe6 17. Kh1 c6 18. Ng1 b5 19. b3 Qg6 20. h3 Bd7 21. Kh2 bxc4 22. bxc4 Rab8 23. Rxf8+ Rxf8 24. Ra2 c5 25. Rd2 Rf6 26. Nf3 Bc6 27. Nh4 Qf7 28. g4 g6 29. Kg3 Nc8 30. Rb2 Qc7 31. Qb3 Kg7 32. Qb8 Rf7 33. Bf3 Qd8 34. Bg2 Ra7 35. Bf3 a5 36. Qb3 Rb7 37. Qc3 Rxb2 38. Qxb2 Qb6 39. Qc2 a4 40. Bd1 Ne7 41. Nf3 Ng8 42. h4 Nf6 43. Nd2 g5 44. h5 Kf7 45. Bf3 Ke7 46. Bd1 Qb7 47. Bf3 Bd7 48. Be2 Qb6 49. Bf3 Qa5 50. Qd3 Bxg4 51. Bxg4 Qxd2 52. Be2 Qe1+ 53. Kg2 g4 54. Qd1 Qh4 55. Qxa4 Qh3+ 56. Kg1 Qxe3+ 57. Kh1 Qxe2 58. Qa7+ Nd7 59. Qa8 g3 0-1

[Event "EU-ch Schools U17"]
[Site "Limerick"]
[Date "2024.06.07"]
[Round "9"]
[White "Ulian, Andrei Octavian"]
[Black "Yilmaz, Kerem Tuna"]
[Result "0-1"]
[WhiteElo "1896"]
[BlackElo "2039"]
[PlyCount "88"]
[EventDate "2024.05.31"]
[EventType "swiss"]
[EventRounds "9"]
[EventCountry "IRL"]
[SourceTitle "CBM 220 Extra"]
[Source "ChessBase"]
[SourceDate "2024.07.31"]
[SourceVersion "1"]
[SourceVersionDate "2024.07.31"]
[SourceQuality "1"]

1. Nf3 Nf6 2. b3 d5 3. Bb2 Bf5 4. c4 e6 5. e3 Be7 6. cxd5 exd5 7. Be2 h6 8. 0-0 0-0 9. Nc3 Nbd7 10. d4 c6 11. Rc1 Re8 12. a3 a5 13. Ne5 Nxe5 14. dxe5 Nd7 15. g4 Bh7 16. f4 Bc5 17. Rf3 Qb6 18. Qd2 Qxb3 19. Bd1 Qb6 20. Na4 Qa7 21. e6 fxe6 22. Qc3 Bf8 23. g5 hxg5 24. fxg5 e5 25. Bc2 Bxc2 26. Rxc2 Re6 27. Qe1 Be7 28. Rg2 Rf8 29. Qf2 Qb8 30. g6 Qe8 31. Qg3 Rxf3 32. Qxf3 Rxg6 33. Qf5 Rxg2+ 34. Kxg2 Bf6 35. Bc3 d4 36. exd4 exd4 37. Bxa5 Qe2+ 38. Qf2 Qb5 39. Bb4 Qxa4 40. Qa2+ Kh8 41. Qe6 Qc2+ 42. Kh1 Qb1+ 43. Kg2 Qg6+ 44. Kh1 Ne5 0-1

[Event "EU-ch Schools U17"]
[Site "Limerick"]
[Date "2024.06.04"]
[Round "6"]
[White "Kilic, Eray"]
[Black "Ulian, Andrei Octavian"]
[Result "1-0"]
[WhiteElo "2433"]
[BlackElo "1896"]
[PlyCount "65"]
[EventDate "2024.05.31"]
[EventType "swiss"]
[EventRounds "9"]
[EventCountry "IRL"]
[SourceTitle "CBM 220 Extra"]
[Source "ChessBase"]
[SourceDate "2024.07.31"]
[SourceVersion "1"]
[SourceVersionDate "2024.07.31"]
[SourceQuality "1"]

1. e4 c5 2. Nf3 e6 3. Qe2 Nc6 4. g3 g6 5. Bg2 Bg7 6. 0-0 Nge7 7. c3 d5 8. e5 0-0 9. Na3 a6 10. d3 h6 11. h4 Nf5 12. Nc2 b5 13. Ne3 Re8 14. d4 b4 15. Nxf5 exf5 16. Be3 c4 17. cxb4 Nxb4 18. Qd2 a5 19. Bxh6 Ba6 20. h5 gxh5 21. Bxg7 Kxg7 22. Nh4 Bc8 23. b3 cxb3 24. axb3 Be6 25. Rfc1 f6 26. Qf4 Nd3 27. exf6+ Qxf6 28. Rc7+ Kg8 29. Qf3 Qxd4 30. Qxh5 Qxa1+ 31. Bf1 Nf4 32. Qh7+ Kf8 33. gxf4 1-0

[Event "Braila GP RO Stage 5"]
[Site "Braila"]
[Date "2022.11.05"]
[Round "3"]
[White "Sandu, Mihaela"]
[Black "Ulian, Andrei Octavian"]
[Result "1-0"]
[WhiteElo "2206"]
[BlackElo "1610"]
[PlyCount "65"]
[EventDate "2022.11.05"]
[EventType "swiss (rapid)"]
[EventRounds "10"]
[EventCountry "ROU"]
[SourceTitle "EXT 2024"]
[Source "ChessBase"]
[SourceDate "2023.10.10"]
[SourceVersion "1"]
[SourceVersionDate "2023.10.10"]
[SourceQuality "1"]

1. e4 c5 2. Nf3 e6 3. d4 cxd4 4. Nxd4 a6 5. Nc3 Qc7 6. Bd3 Nf6 7. 0-0 Nc6 8. Nxc6 dxc6 9. f4 Bc5+ 10. Kh1 e5 11. f5 h5 12. Qf3 Ng4 13. Bg5 b5 14. a4 b4 15. Nd1 Qb6 16. a5 Qa7 17. Bh4 Be7 18. Bxe7 Qxe7 19. Ne3 Qh4 20. h3 Qg5 21. Rae1 Nxe3 22. Rxe3 Bb7 23. Qf2 h4 24. Rf3 0-0 25. Qc5 Rfe8 26. Qxb4 Rab8 27. b3 Qd8 28. f6 c5 29. Qe1 Re6 30. Qxh4 g6 31. Bc4 Rd6 32. Qh6 Qf8 33. Qxg6+ 1-0

[Event "ROM-ch U14"]
[Site "Mamaia"]
[Date "2021.04.07"]
[Round "1"]
[White "Filip, Andrei"]
[Black "Ulian, Andrei Octavian"]
[Result "1/2-1/2"]
[WhiteElo "2168"]
[BlackElo "1572"]
[PlyCount "96"]
[EventDate "2021.04.07"]
[EventType "swiss"]
[EventRounds "9"]
[EventCountry "ROU"]
[SourceTitle "EXT 2022"]
[Source "ChessBase"]
[SourceDate "2021.10.06"]
[SourceVersion "1"]
[SourceVersionDate "2021.10.06"]
[SourceQuality "1"]

1. e4 c5 2. Nf3 d6 3. Bb5+ Bd7 4. Bxd7+ Qxd7 5. c4 g6 6. d4 cxd4 7. Nxd4 Nf6 8. Nc3 Nc6 9. f3 h5 10. Be3 Bg7 11. 0-0 0-0 12. Rc1 Rac8 13. b3 Nh7 14. Nde2 Nf6 15. Qd2 Kh7 16. Rfd1 b6 17. Re1 Rh8 18. Rcd1 h4 19. Nf4 Rcd8 20. Ncd5 Nxd5 21. exd5 Ne5 22. h3 Kg8 23. Nd3 Qf5 24. Nxe5 Bxe5 25. Bd4 Rh5 26. Bxe5 dxe5 27. Re4 f6 28. Rde1 g5 29. Qe2 Rh7 30. Rd1 Rd6 31. Re3 a5 32. a3 e6 33. dxe6 Qxe6 34. Rxd6 Qxd6 35. Rd3 Qxa3 36. Rd8+ Kg7 37. Qd3 Qc1+ 38. Kh2 Qf4+ 39. Kg1 Qc1+ 40. Kf2 Qb2+ 41. Kf1 Qc1+ 42. Ke2 Qb2+ 43. Ke1 Qc1+ 44. Kf2 Qb2+ 45. Kg1 Qc1+ 46. Kh2 Qf4+ 47. Kg1 Qc1+ 48. Kh2 Qf4+ 1/2-1/2

[Event "FISCA Online op"]
[Site "Chess.com INT"]
[Date "2020.06.28"]
[Round "9"]
[White "Ulian, Andrei Octavian"]
[Black "Ramu, K."]
[Result "0-1"]
[WhiteElo "1589"]
[BlackElo "2117"]
[PlyCount "48"]
[EventDate "2020.06.19"]
[EventType "swiss"]
[EventRounds "9"]
[EventCountry "ROU"]
[SourceTitle "CBM 197 Extra"]
[Source "ChessBase"]
[SourceDate "2020.09.30"]
[SourceVersion "1"]
[SourceVersionDate "2020.09.30"]
[SourceQuality "1"]

1. d4 Nf6 2. c4 g6 3. Nc3 Bg7 4. e4 d6 5. f4 0-0 6. Nf3 c5 7. d5 e6 8. Be2 exd5 9. cxd5 Re8 10. Nd2 a6 11. a4 Nbd7 12. 0-0 Rb8 13. Nc4 Nxe4 14. Nxe4 Rxe4 15. Nxd6 Rd4 16. Qb3 Qe7 17. Be3 Qxd6 18. Bxd4 Bxd4+ 19. Kh1 Nf6 20. Rad1 Nxd5 21. Bc4 Be6 22. Qf3 b5 23. axb5 axb5 24. Bb3 Rd8 0-1

[Event "FISCA Online U14 op"]
[Site "Chess.com INT"]
[Date "2020.05.14"]
[Round "6"]
[White "Ulian, Andrei Octavian"]
[Black "Basilio, Rodrigo"]
[Result "1-0"]
[WhiteElo "1589"]
[BlackElo "1776"]
[PlyCount "73"]
[EventDate "2020.05.09"]
[EventType "swiss"]
[EventRounds "9"]
[EventCountry "ROU"]
[SourceTitle "EXT 2021"]
[Source "ChessBase"]
[SourceDate "2020.10.23"]
[SourceVersion "1"]
[SourceVersionDate "2020.10.23"]
[SourceQuality "1"]

1. d4 Nf6 2. c4 g6 3. Nc3 Bg7 4. e4 d6 5. f4 c5 6. d5 0-0 7. Nf3 e6 8. Be2 exd5 9. cxd5 Bg4 10. 0-0 Nbd7 11. h3 Bxf3 12. Bxf3 Re8 13. a4 c4 14. Be3 Qa5 15. Bd4 Nc5 16. e5 dxe5 17. fxe5 Nfd7 18. e6 fxe6 19. Bxg7 Kxg7 20. Qd4+ e5 21. Qxc4 Qb6 22. a5 Qxb2 23. d6 Rac8 24. Rab1 Qd2 25. Bg4 Ne6 26. Qd5 Qxd5 27. Nxd5 h5 28. Rxb7 Rcd8 29. Nc7 hxg4 30. Nxe8+ Kg8 31. Nc7 Nec5 32. Rxa7 gxh3 33. gxh3 e4 34. Nd5 Ne5 35. Nf6+ Kf8 36. Nd7+ Kg8 37. Nxe5 1-0

[Event "FISCA Online U14 op"]
[Site "Chess.com INT"]
[Date "2020.05.13"]
[Round "5"]
[White "Chilukuri, Sai Varshith"]
[Black "Ulian, Andrei Octavian"]
[Result "1/2-1/2"]
[WhiteElo "1943"]
[BlackElo "1589"]
[PlyCount "32"]
[EventDate "2020.05.09"]
[EventType "swiss"]
[EventRounds "9"]
[EventCountry "ROU"]
[SourceTitle "EXT 2021"]
[Source "ChessBase"]
[SourceDate "2020.10.23"]
[SourceVersion "1"]
[SourceVersionDate "2020.10.23"]
[SourceQuality "1"]

1. d4 d5 2. c4 e6 3. Nf3 Nf6 4. Nc3 Be7 5. Bf4 0-0 6. e3 b6 7. Bd3 Bb7 8. cxd5 Nxd5 9. Nxd5 Bxd5 10. Qc2 f5 11. Qxc7 Qxc7 12. Bxc7 Nc6 13. 0-0 Rac8 14. Bg3 g5 15. Ba6 Rcd8 16. h3 f4 1/2-1/2

[Event "FISCA Online U14 op"]
[Site "Chess.com INT"]
[Date "2020.05.11"]
[Round "3"]
[White "Ulian, Andrei Octavian"]
[Black "Jaiveer, Mahendru"]
[Result "1-0"]
[WhiteElo "1589"]
[BlackElo "1695"]
[PlyCount "123"]
[EventDate "2020.05.09"]
[EventType "swiss"]
[EventRounds "9"]
[EventCountry "ROU"]
[SourceTitle "EXT 2021"]
[Source "ChessBase"]
[SourceDate "2020.10.23"]
[SourceVersion "1"]
[SourceVersionDate "2020.10.23"]
[SourceQuality "1"]

1. d4 d5 2. c4 e6 3. Nc3 Nf6 4. cxd5 exd5 5. Bg5 Be7 6. e3 c6 7. Bd3 Nbd7 8. Nge2 h6 9. Bh4 Nh5 10. Bxe7 Qxe7 11. Ng3 Nxg3 12. hxg3 Nf6 13. Qc2 Bd7 14. 0-0-0 b5 15. Rde1 0-0 16. e4 dxe4 17. Nxe4 Nd5 18. Nc5 Qg5+ 19. f4 Qd8 20. Qd2 a5 21. Bb1 a4 22. a3 b4 23. Qd3 f5 24. Re5 bxa3 25. bxa3 Rb8 26. Bc2 Bc8 27. Bxa4 Qa5 28. Bxc6 Nc3 29. Na4 Na2+ 30. Kc2 Qc7 31. Rc5 Kh8 32. Ra1 Bb7 33. Bb5 Qd6 34. Kb2 Be4 35. Qc4 Qg6 36. Qb3 Rfd8 37. d5 Rxd5 38. Rxd5 Bxd5 39. Qxd5 Qe8 40. Kxa2 Rxb5 41. Qc4 Rb8 42. Rc1 Qe3 43. Qc3 Qf2+ 44. Rc2 Qf1 45. Rb2 Ra8 46. Nb6 Re8 47. a4 Kh7 48. a5 Re1 49. Rc2 Rd1 50. Rd2 Qe1 51. Nc4 Rc1 52. Qd3 Qe6 53. Rc2 Re1 54. g4 Re4 55. gxf5 Qe8 56. f6 g6 57. f7 Qa4+ 58. Na3 Rxf4 59. f8Q Rxf8 60. Rc7+ Kh8 61. Qc3+ Kg8 62. Qg7# 1-0

[Event "EU-ch U10 27th"]
[Site "Mamaia"]
[Date "2017.09.11"]
[Round "6"]
[White "Ulian, Andrei Octavian"]
[Black "Costa, Leonardo"]
[Result "1/2-1/2"]
[WhiteElo "1584"]
[BlackElo "1889"]
[PlyCount "44"]
[EventDate "2017.09.05"]
[EventType "swiss"]
[EventRounds "9"]
[EventCountry "ROU"]
[SourceTitle "CBM 180 Extra"]
[Source "ChessBase"]
[SourceDate "2017.10.06"]
[SourceVersion "1"]
[SourceVersionDate "2017.10.06"]
[SourceQuality "1"]

1. d4 d5 2. c4 e6 3. Nc3 f5 4. Nf3 c6 5. g3 Nf6 6. Bg2 Bd6 7. 0-0 0-0 8. c5 Bc7 9. b4 Ne4 10. Bb2 Nd7 11. Qc2 g5 12. a4 g4 13. Nd2 Qg5 14. Ndxe4 fxe4 15. Rae1 Qh5 16. Qd1 Rf6 17. f4 Rh6 18. e3 Qxh2+ 19. Kf2 Rh3 20. Ne2 Bxf4 21. Nxf4 Qxg3+ 22. Kg1 Qh2+ 1/2-1/2

[Event "EU-ch U10 27th"]
[Site "Mamaia"]
[Date "2017.09.09"]
[Round "5"]
[White "Craita, Alexandru Stefan"]
[Black "Ulian, Andrei Octavian"]
[Result "0-1"]
[WhiteElo "1319"]
[BlackElo "1584"]
[PlyCount "80"]
[EventDate "2017.09.05"]
[EventType "swiss"]
[EventRounds "9"]
[EventCountry "ROU"]
[SourceTitle "CBM 180 Extra"]
[Source "ChessBase"]
[SourceDate "2017.10.06"]
[SourceVersion "1"]
[SourceVersionDate "2017.10.06"]
[SourceQuality "1"]

1. e4 c5 2. f4 d5 3. exd5 Nf6 4. Nf3 Nxd5 5. d4 e6 6. c4 Nf6 7. Nc3 Nc6 8. Be3 Ng4 9. Bg1 Qb6 10. d5 exd5 11. Nxd5 Qa5+ 12. Nd2 Bd6 13. Qe2+ Kd8 14. Qd3 Be6 15. h3 Nh6 16. Kd1 Bf5 17. Qb3 Bg6 18. Qf3 Nf5 19. g4 Nfd4 20. Qg2 Bc2+ 21. Kc1 Re8 22. Bf2 Qa4 23. Nc3 Qa5 24. Qd5 Qc7 25. Nce4 Bxe4 26. Nxe4 Ke7 27. Bh4+ f6 28. Nxc5 Bxf4+ 29. Kd1 Rad8 30. Qe4+ Kf8 31. Qxh7 Qa5 32. Qh8+ Kf7 33. Qh5+ Kg8 34. Ne4 Nf3+ 35. Kc2 Qxh5 36. Nxf6+ gxf6 37. gxh5 Rd2+ 38. Kc1 Nxh4 39. Rg1+ Rg2+ 40. Kd1 Rxg1 0-1

[Event "EU Union-ch U10"]
[Site "Kouty nad Desnou"]
[Date "2017.08.27"]
[Round "9"]
[White "Ulian, Andrei Octavian"]
[Black "Kovarikova, Maria"]
[Result "1-0"]
[WhiteElo "1596"]
[BlackElo "1276"]
[PlyCount "129"]
[EventDate "2017.08.19"]
[EventType "swiss"]
[EventRounds "9"]
[EventCountry "CZE"]
[SourceTitle "CBM 180 Extra"]
[Source "ChessBase"]
[SourceDate "2017.10.06"]
[SourceVersion "1"]
[SourceVersionDate "2017.10.06"]
[SourceQuality "1"]

1. e4 e5 2. Nf3 Nc6 3. d4 exd4 4. Bc4 h6 5. 0-0 Bc5 6. c3 dxc3 7. Bxf7+ Kxf7 8. Qd5+ Ke8 9. Qxc5 Qe7 10. Qxc3 d6 11. Re1 Be6 12. Bf4 Nf6 13. Nbd2 g5 14. Bg3 Rg8 15. e5 dxe5 16. Nxe5 Nb4 17. a3 Nbd5 18. Qc2 Qg7 19. Nd3 Kf7 20. Nc4 Rge8 21. Nce5+ Kg8 22. Rac1 h5 23. f3 h4 24. Bf2 g4 25. Bxh4 gxf3 26. Nxf3 Bf5 27. Bxf6 Qxf6 28. Qc4 Be6 29. Qh4 Qg7 30. Qd4 Qg6 31. Nf4 Nxf4 32. Qxf4 Re7 33. Qg5 Rg7 34. Qxg6 Rxg6 35. Rxc7 Rd8 36. Ne5 Rg5 37. h4 Rg3 38. Nf3 Rf8 39. Rxe6 Rfxf3 40. Kh2 Re3 41. Rxe3 Rxe3 42. Rxb7 Re2 43. b4 Re4 44. g3 Re3 45. Rxa7 Kf8 46. h5 Re5 47. g4 Kg8 48. Kg3 Re8 49. g5 Kh8 50. g6 Kg8 51. Kf4 Kh8 52. h6 Kg8 53. Rf7 Kh8 54. g7+ Kg8 55. Rf8+ Rxf8+ 56. gxf8Q+ Kxf8 57. b5 Ke7 58. h7 Kf7 59. h8Q Kg6 60. Qg8+ Kh6 61. Qg5+ Kh7 62. Qh5+ Kg7 63. Kg5 Kg8 64. Kf6 Kf8 65. Qh8# 1-0

[Event "EU Union-ch U10"]
[Site "Kouty nad Desnou"]
[Date "2017.08.26"]
[Round "8"]
[White "Fiszer, Bartosz"]
[Black "Ulian, Andrei Octavian"]
[Result "1-0"]
[WhiteElo "1901"]
[BlackElo "1596"]
[PlyCount "77"]
[EventDate "2017.08.19"]
[EventType "swiss"]
[EventRounds "9"]
[EventCountry "CZE"]
[SourceTitle "CBM 180 Extra"]
[Source "ChessBase"]
[SourceDate "2017.10.06"]
[SourceVersion "1"]
[SourceVersionDate "2017.10.06"]
[SourceQuality "1"]

1. e4 c5 2. Nf3 Nf6 3. e5 Nd5 4. Nc3 e6 5. Nxd5 exd5 6. d4 Nc6 7. dxc5 Bxc5 8. Bd3 d6 9. exd6 Qxd6 10. 0-0 0-0 11. a3 a5 12. b3 h6 13. Bb2 Bg4 14. Be2 Rfe8 15. Re1 h5 16. Qd2 Re7 17. Bd1 Rae8 18. Rxe7 Rxe7 19. Kh1 Qd7 20. Qc3 d4 21. Qxc5 Qe6 22. h4 Qf6 23. Qg5 Qe6 24. Qf4 Qd5 25. Kh2 Re4 26. Qg3 f5 27. Qc7 Re7 28. Qc8+ Kf7 29. Ng5+ Kg6 30. Bxg4 hxg4 31. Qh8 Qe5+ 32. Kg1 f4 33. Qh7+ Kf6 34. Qd3 g6 35. Rd1 Rd7 36. c3 g3 37. cxd4 Qd5 38. fxg3 fxg3 39. Qxg3 1-0

[Event "EU Union-ch U10"]
[Site "Kouty nad Desnou"]
[Date "2017.08.24"]
[Round "6"]
[White "Ulian, Andrei Octavian"]
[Black "Lang, Simon"]
[Result "1-0"]
[WhiteElo "1596"]
[BlackElo "1329"]
[PlyCount "53"]
[EventDate "2017.08.19"]
[EventType "swiss"]
[EventRounds "9"]
[EventCountry "CZE"]
[SourceTitle "CBM 180 Extra"]
[Source "ChessBase"]
[SourceDate "2017.10.06"]
[SourceVersion "1"]
[SourceVersionDate "2017.10.06"]
[SourceQuality "1"]

1. d4 d5 2. c4 e6 3. Nc3 c5 4. cxd5 Nf6 5. dxc5 Bxc5 6. e4 0-0 7. Be2 exd5 8. exd5 Re8 9. Nf3 Ng4 10. 0-0 Qb6 11. Qe1 Nxf2 12. Rxf2 Bxf2+ 13. Qxf2 Qxf2+ 14. Kxf2 Bf5 15. Bf4 Nd7 16. Rd1 Rad8 17. d6 Nc5 18. Bc4 Ne4+ 19. Nxe4 Rxe4 20. Bg5 Rc8 21. Bd3 Rb4 22. Bxf5 Rxb2+ 23. Rd2 Rxd2+ 24. Nxd2 Rc6 25. d7 Rd6 26. d8Q+ Rxd8 27. Bxd8 1-0

[Event "ROM-ch U10"]
[Site "Baile Felix"]
[Date "2017.02.08"]
[Round "8"]
[White "Dumitru, Luca Serban"]
[Black "Ulian, Andrei Octavian"]
[Result "0-1"]
[WhiteElo "1445"]
[BlackElo "1583"]
[PlyCount "114"]
[EventDate "2017.02.02"]
[EventType "swiss"]
[EventRounds "9"]
[EventCountry "ROU"]
[SourceTitle "CBM 176 Extra"]
[Source "ChessBase"]
[SourceDate "2017.03.02"]
[SourceVersion "1"]
[SourceVersionDate "2017.03.02"]
[SourceQuality "1"]

1. e4 c5 2. Nc3 a6 3. f4 e6 4. Nf3 Nc6 5. d4 cxd4 6. Nxd4 Bb4 7. Nxc6 Bxc3+ 8. bxc3 dxc6 9. Qd4 Nf6 10. Bd3 Qc7 11. 0-0 c5 12. Qf2 c4 13. Be2 Nxe4 14. Qd4 Nf6 15. Bxc4 0-0 16. Rd1 b5 17. Be2 Bb7 18. Ba3 Rfd8 19. Qe5 Qxe5 20. fxe5 Nd5 21. Bf3 Rac8 22. Bb4 Ba8 23. Ba5 Re8 24. Bxd5 Bxd5 25. Rd4 f6 26. exf6 gxf6 27. Rf4 f5 28. g4 Rc4 29. Raf1 Rf8 30. a3 Rf7 31. h3 h5 32. Rxc4 Bxc4 33. Rf4 Rg7 34. Kf2 hxg4 35. hxg4 Rxg4 36. Bc7 Rg7 37. Be5 Rd7 38. Rd4 Bd5 39. Ke3 Rh7 40. Rd3 Rh4 41. Bf4 Kf7 42. Rd4 Rh3+ 43. Kd2 Kf6 44. a4 Rh8 45. axb5 axb5 46. Be3 Rh2+ 47. Kc1 Re2 48. Bd2 Re4 49. Rd3 Ra4 50. Kb2 Ra6 51. Rh3 Rc6 52. Rh6+ Ke5 53. Rh4 Rc4 54. Rh8 Rg4 55. Rb8 Bc4 56. Be3 f4 57. Bd4+ Ke4 0-1

[Event "ROM-ch U10"]
[Site "Baile Felix"]
[Date "2017.02.06"]
[Round "6"]
[White "Ulian, Andrei Octavian"]
[Black "Nastore, Pavel Alexandru"]
[Result "1/2-1/2"]
[WhiteElo "1583"]
[BlackElo "1814"]
[PlyCount "50"]
[EventDate "2017.02.02"]
[EventType "swiss"]
[EventRounds "9"]
[EventCountry "ROU"]
[SourceTitle "CBM 176 Extra"]
[Source "ChessBase"]
[SourceDate "2017.03.02"]
[SourceVersion "1"]
[SourceVersionDate "2017.03.02"]
[SourceQuality "1"]

1. e4 c5 2. Nf3 d6 3. d4 cxd4 4. Nxd4 Nf6 5. Nc3 a6 6. f4 e5 7. Nf3 Qc7 8. Bd3 Be7 9. 0-0 Nbd7 10. Kh1 0-0 11. a4 b6 12. Qe2 Bb7 13. Bd2 Rfe8 14. Rae1 Bf8 15. Qf2 g6 16. Qh4 Bg7 17. fxe5 dxe5 18. Bh6 Bh8 19. Be3 Rac8 20. Re2 Re6 21. Ref2 Rd6 22. Ng5 Bg7 23. Nf3 h5 24. h3 Re8 25. Qg3 Qc8 1/2-1/2

[Event "ROM-ch U10"]
[Site "Baile Felix"]
[Date "2017.02.05"]
[Round "5"]
[White "Nicolae, Dan Stefan"]
[Black "Ulian, Andrei Octavian"]
[Result "1/2-1/2"]
[WhiteElo "1291"]
[BlackElo "1583"]
[PlyCount "150"]
[EventDate "2017.02.02"]
[EventType "swiss"]
[EventRounds "9"]
[EventCountry "ROU"]
[SourceTitle "CBM 176 Extra"]
[Source "ChessBase"]
[SourceDate "2017.03.02"]
[SourceVersion "1"]
[SourceVersionDate "2017.03.02"]
[SourceQuality "1"]

1. d4 d5 2. c4 e6 3. Nf3 Be7 4. g3 Nf6 5. Bg2 b6 6. 0-0 Bb7 7. Ne5 0-0 8. b3 Nbd7 9. Nxd7 Qxd7 10. Bb2 c5 11. Nc3 Rfd8 12. cxd5 exd5 13. dxc5 bxc5 14. Rc1 Rac8 15. Na4 d4 16. Ba3 Bxg2 17. Kxg2 Qd5+ 18. Kg1 Qh5 19. f3 Nd5 20. Qd3 Ne3 21. Rf2 Rd5 22. Qe4 Bd6 23. Qh4 Qxh4 24. gxh4 Be7 25. f4 Bxh4 26. Rf3 Be7 27. Bb2 Nf5 28. Rd3 Rdd8 29. Ba3 Rd5 30. e4 Rd7 31. exf5 Rdc7 32. Rd2 Bd6 33. Rf1 Bf8 34. Rc2 Rc6 35. Bb2 d3 36. Rd2 c4 37. a3 Ra6 38. Nc3 Bxa3 39. bxc4 Rxc4 40. Bxa3 Rxa3 41. Rxd3 Rc8 42. Rff3 Ra1+ 43. Kg2 a5 44. Rd1 Ra3 45. Rc1 a4 46. Ne2 Rxc1 47. Rxa3 Rc2 48. Kf3 Rc4 49. Nc3 f6 50. Nxa4 Rc2 51. h3 Rh2 52. Kg4 Rg2+ 53. Rg3 Ra2 54. Nc5 g6 55. Kh4 Kf7 56. fxg6+ hxg6 57. Rf3 Ra5 58. Ne4 Rh5+ 59. Kg3 Ke6 60. Re3 Ke7 61. Kh2 Kf7 62. Rf3 Rd5 63. h4 Rd4 64. Ng3 Rc4 65. Kh3 Rd4 66. f5 g5 67. hxg5 fxg5 68. Kg2 Rd2+ 69. Rf2 Rd4 70. f6 Rg4 71. Rf3 Rd4 72. Ne2 Rd2 73. Kf2 Rd1 74. Kg3 Rd5 75. Nc1 Rd8 1/2-1/2

[Event "ROM-ch U10"]
[Site "Baile Felix"]
[Date "2017.02.03"]
[Round "2"]
[White "Hejja, Adam Peter"]
[Black "Ulian, Andrei Octavian"]
[Result "0-1"]
[WhiteElo "1233"]
[BlackElo "1583"]
[PlyCount "92"]
[EventDate "2017.02.02"]
[EventType "swiss"]
[EventRounds "9"]
[EventCountry "ROU"]
[SourceTitle "CBM 176 Extra"]
[Source "ChessBase"]
[SourceDate "2017.03.02"]
[SourceVersion "1"]
[SourceVersionDate "2017.03.02"]
[SourceQuality "1"]

1. e4 c5 2. Nf3 d6 3. d4 cxd4 4. Qxd4 e5 5. Qd1 Nf6 6. Nc3 Be7 7. Bc4 0-0 8. Bg5 Be6 9. Qd3 Nbd7 10. Nd2 a6 11. f4 exf4 12. Bxf4 Nc5 13. Qd4 b5 14. Be2 Qd7 15. 0-0 Rfd8 16. Rf3 Qb7 17. Rg3 b4 18. Nd1 a5 19. Bf3 Qa7 20. Bh6 g6 21. Bg5 Ncd7 22. Qe3 Qxe3+ 23. Nxe3 Ne5 24. Nf5 Bxf5 25. exf5 Rac8 26. Rc1 Rc7 27. Bd1 Nc4 28. Nxc4 Rxc4 29. b3 Rc5 30. fxg6 fxg6 31. Be3 Rc6 32. Bf3 d5 33. Bf2 Rdc8 34. Bd1 Ne4 35. Re3 Bg5 36. Rxe4 dxe4 37. Rb1 e3 38. Be1 Re8 39. Bf3 Rxc2 40. Bd5+ Kg7 41. Rd1 e2 42. Rd3 Rc1 43. Kf2 Rd1 44. Bc4 Rb1 45. Rd7+ Kh6 46. Ra7 Be3+ 0-1

[Event "An Pasan Alcor Christmas"]
[Site "Sofia"]
[Date "2016.12.29"]
[Round "6.1"]
[White "Ulian, Andrei Octavian"]
[Black "Stoyanov, Georgi"]
[Result "1/2-1/2"]
[WhiteElo "1487"]
[BlackElo "1895"]
[PlyCount "99"]
[EventDate "2016.12.26"]
[EventType "team-schev"]
[EventRounds "6"]
[EventCountry "BUL"]
[SourceTitle "CBM 176 Extra"]
[Source "ChessBase"]
[SourceDate "2017.03.02"]
[SourceVersion "1"]
[SourceVersionDate "2017.03.02"]
[SourceQuality "1"]
[WhiteTeam "Alcor"]
[BlackTeam "An Pasan"]
[WhiteTeamCountry "ROU"]
[BlackTeamCountry "BUL"]

1. d4 Nf6 2. c4 e6 3. Nc3 c5 4. d5 exd5 5. cxd5 d6 6. e4 g6 7. f4 Bg7 8. Nf3 0-0 9. Be2 Re8 10. Nd2 a6 11. a4 Ng4 12. Bxg4 Qh4+ 13. g3 Qxg4 14. Qxg4 Bxg4 15. h3 Bf5 16. 0-0 Bxh3 17. Re1 Bf5 18. a5 Nd7 19. Re2 Bd4+ 20. Kg2 Bg4 21. Re1 Nf6 22. Ra3 Rad8 23. Ndb1 Bf5 24. Kf3 h5 25. Bd2 Bg4+ 26. Kg2 Rd7 27. Rb3 Kg7 28. Rb6 Rde7 29. Rxd6 Nxe4 30. Nxe4 Bf5 31. Nbc3 Bxe4+ 32. Rxe4 Rxe4 33. Nxe4 Rxe4 34. Bc3 Bxc3 35. bxc3 Rc4 36. Rb6 Rxc3 37. Rxb7 Rd3 38. Rb6 Rxd5 39. Rxa6 c4 40. Rc6 Rxa5 41. Rxc4 Ra3 42. Rc6 Re3 43. Kf2 Re6 44. Rc5 Kh6 45. Kf3 f5 46. Rc7 Ra6 47. Rf7 h4 48. gxh4 Ra3+ 49. Kg2 Kh5 50. Rg7 1/2-1/2

[Event "An Pasan Alcor Christmas"]
[Site "Sofia"]
[Date "2016.12.28"]
[Round "5.2"]
[White "Pavlov, Vladimir"]
[Black "Ulian, Andrei Octavian"]
[Result "1-0"]
[WhiteElo "1903"]
[BlackElo "1487"]
[PlyCount "51"]
[EventDate "2016.12.26"]
[EventType "team-schev"]
[EventRounds "6"]
[EventCountry "BUL"]
[SourceTitle "CBM 176 Extra"]
[Source "ChessBase"]
[SourceDate "2017.03.02"]
[SourceVersion "1"]
[SourceVersionDate "2017.03.02"]
[SourceQuality "1"]
[WhiteTeam "An Pasan"]
[BlackTeam "Alcor"]
[WhiteTeamCountry "BUL"]
[BlackTeamCountry "ROU"]

1. e4 e5 2. Nf3 Nc6 3. Bc4 Bc5 4. 0-0 Nf6 5. d4 Bxd4 6. Nxd4 Nxd4 7. f4 Nc6 8. Bxf7+ Kxf7 9. fxe5 Nxe5 10. Qd5+ Kf8 11. Qxe5 d6 12. Qd4 Ke8 13. Bg5 Rf8 14. Nc3 c5 15. Qf2 h6 16. Bh4 g5 17. Bg3 Qe7 18. Bxd6 Qxd6 19. e5 Qd4 20. exf6 Rxf6 21. Rae1+ Kd8 22. Qxd4+ cxd4 23. Rxf6 dxc3 24. bxc3 Kc7 25. Re7+ Kd8 26. Rg7 1-0